000 00801nam a2200253 a 4500
001 BRCA_8010
005 20190320210108.0
008 180314s1968----nyua###f##---#000-0#eng-#
041 _aeng
044 _anyu
050 4 _aF1230
_b.M8
_c1968
100 1 _aMuller, Priscila E.
_919893
245 1 0 _aThe so-called ex-voto of Hernán Cortés
_cPriscila E. Muller.
260 _aNew York
_bThe Conoisseur
_c1968
300 _a1 v. (sin paginación)
_bil.
_c30 cm.
440 0 _aHispanic Society of America
_919894
500 _a3138
600 1 4 _aCortés de Monroy y Pizarro, Hernán
_d1485-1547
_919895
650 1 4 _aJoyas prehispánicas
_zMéxico
_919896
650 1 4 _aMetales preciosos
_vHistoria
_zMéxico
_919897
650 1 4 _aObjetos artísticos
_zMéxico
_919898
902 _aGFM
942 _2lcc
_cB
999 _c7679
_d7679